000 01273nam a2200241Ia 4500
999 _c50306
_d50306
001 17247
003 GE_BSU
005 20200204163906.0
008 181216s1996ge xx |||||||||||||| ||geo||
040 _cGE_BSU
080 _a811.353.1(042.4) ფ-38
100 _aფეიქრიშვილი, ჟუჟუნა.
_94824
245 _aქართული ენის სინტაქსი :
_bსალექციო კურსი /
_cჟუჟუნა ფეიქრიშვილი ; რედ. გიორგი გოგოლაშვილი ; მხატვ : რომან წივწივაძე .
264 _aქუთაისი :
_bქუთაისის ს.ს. "სტამბის" საგამომც. ცენტრი,
_c1996.
300 _a320 გვ .:
_c20 სმ.
504 _aბიბლიოგრ. თავების ბოლოს.
541 _h20ლ.
653 _aქართული ენა
653 _aქართული ენის სინტაქსი
700 _aგოგოლაშვილი, გიორგი
_eრედაქტორი
_92128
700 _aწივწივაძე, რომან
_eმხატვარი
_96819
942 _cBK
_2udc